000 00542 a2200157 4500
999 _c4096
_d4096
020 _a0844226742
050 _aQA75.5 WRI 1999
100 _aWright, Chris,
_d1956-
245 _aThe Internet for students /
_cChris Wright.
264 _aChicago :
_b NTC/Contemporary Pub.,
_c 1999
300 _avii, 184 pages : illustrations ; 20 cm.
440 _aTeach yourself
500 _aOriginally published in UK 1999 by Hodder Headline Plc.
650 _a Internet -- Study and teaching -- Handbooks, manuals, etc
942 _2lcc
_cBK
_h75.5
_iWRI
_kQA